000 00599nam a2200205Ia 4500
001 9463
003 GE_BSU
008 181216s||||||||xx |||||||||||||| ||und||
040 _cGE_BSU
080 _a621.9.06(075)
100 _aПуш,В.Э. Беляев,В.Г. Гаврюшин,А.А. и др.
245 _aМеталлорежущие станки.
245 _cПод ред. В.Э.Пуша.
260 _aМ.
260 _bМашиностроение.
260 _c1985.
300 _a256 стр.с илл. 23 см.
653 _aМеталлорежущие станки.
942 _cBK
999 _c42757
_d42757